Datum a čas kvízu

28.5 Celkem bodů Celkový počet nahraných bodů na tomto kvízu bez doplňovacích otázek.
2. Pořadí na kvízu Konečné umístění týmu na tomto kvízu.

Zaznamenané odpovědi

# Otázka Odpověď Body Výsledky
1. Na kterém českém hradě skončil... na Karlštejně 1
2. Německý bulvární časopis Die A... s Michaelem Schumacherem 0
3. Historickým městem roku 2022 s... Vysoké Mýto 0
4. Japonská společnost Sega oznám... Angry Birds 0
5. Ve které evropské metropoli se... v Londýně 0
6. O slovanských bozích a mýtech... Perun, Mokoš/Mokoša/Makoša 0.5
7. Níže zobrazený český lékař a b... Jan Evangelista Purkyně 1
8. Známou mýtickou bytostí slovan... třikrát 0
9. Seřaďte tyto slovanské svátky... 1C 2B 3D 4A 0
10. Za půl bodu uveďte název tohot... Lešij (Leshen, Lěsovik, Lasovik), Zaklínač 0